日本十進分類法 - Statistics

General Stats
  • This quiz has been taken 60 times
  • The average score is 43 of 100
Answer Stats
分類 内容 % Correct
20 歴史/世界史/文化史
92%
29 地理/地誌/紀行
86%
43 化学
86%
90 文学
86%
41 数学
82%
49 医学/薬学
78%
83 英語
78%
85 フランス語/プロバンス語
78%
36 社会
76%
42 物理学
76%
45 地球科学/地学
76%
82 中国語/その他の東洋の諸言語
76%
33 経済
74%
84 ドイツ語/その他のゲルマン諸語
74%
86 スペイン語/ポルトガル語
74%
21 日本史
72%
31 政治
72%
70 芸術/美術
72%
78 スポーツ/体育
72%
81 日本語
72%
91 日本文学
72%
80 言語
70%
87 イタリア語/その他のロマンス諸語
70%
76 音楽/舞踊/バレエ
68%
88 ロシア語/その他のスラブ諸語
68%
50 技術/工学
66%
10 哲学
64%
32 法律
64%
72 絵画/書/書道
64%
37 教育
62%
60 産業
62%
00 総記
58%
40 自然科学
58%
92 中国文学/その他の東洋文学
58%
14 心理学
56%
44 天文学/宇宙科学
56%
61 農業
56%
16 宗教
54%
65 林業/狩猟
54%
95 フランス文学/プロバンス文学
52%
02 図書/書誌学
50%
68 運輸/交通/観光事業
50%
94 ドイツ文学/その他のゲルマン文学
50%
97 イタリア文学/その他のロマンス文学
48%
93 英米文学
46%
96 スペイン文学/ポルトガル文学
46%
01 図書館/図書館情報学
44%
22 アジア史/東洋史
44%
23 ヨーロッパ史/西洋史
44%
28 伝記
44%
30 社会科学
44%
66 水産業
44%
24 アフリカ史
38%
77 演劇/映画/大衆芸能
38%
52 建築学
36%
67 商業
36%
03 百科事典/用語索引
34%
07 ジャーナリズム/新聞
34%
15 倫理学/道徳
34%
27 オセアニア史/両極地方史
34%
18 仏教
32%
19 キリスト教/ユダヤ教
32%
71 彫刻/オブジェ
32%
17 神道
30%
47 植物学
30%
48 動物学
30%
53 機械工学/原子力工学
30%
25 北アメリカ史
28%
26 南アメリカ史
28%
64 畜産業/獣医学
28%
74 写真/印刷
28%
79 諸芸/娯楽
28%
75 工芸
26%
54 電気工学
24%
46 生物科学/一般生物学
22%
35 統計
20%
62 園芸/造園
20%
51 建設工学/土木工学
18%
38 風俗習慣/民俗学/民族学
16%
39 国防/軍事
16%
59 家政学/生活科学
16%
13 西洋哲学
14%
55 海洋工学/船舶工学/兵器/軍事工学
14%
06 団体/博物館
12%
56 金属工学/鉱山工学
12%
57 化学工業
12%
98 ロシア・ソビエト文学/その他のスラブ文学
12%
09 貴重書/郷土資料/その他の特別コレクション
10%
12 東洋思想
10%
89 その他の諸言語
10%
08 叢書/全集/選集
8%
34 財政
8%
63 蚕糸業
8%
04 一般論文集/一般講演集/雑著
6%
11 哲学各論
6%
69 通信事業
6%
73 版画/印章/篆刻/印譜
6%
99 その他の諸言語文学
6%
05 逐次刊行物/一般年鑑
4%
58 製造工業
4%
No matching quizzes found
Score Distribution
Percent of People with Each Score
Percentile by Number Answered
Your Score History
You have not taken this quiz